A carregar...
Murphy's English grammar
| Autor principal: | |
|---|---|
| Formato: | Printed Book |
| Publicado em: |
New Delhi
Cambridge University Press
2004
|
| Edição: | 3rd. |
| Assuntos: |
| LEADER | 00466nam a22001577a 4500 | ||
|---|---|---|---|
| 020 | |a 9780521616621 | ||
| 082 | |a 428.2 |b MUR/M | ||
| 100 | |a Murphy, David | ||
| 245 | |a Murphy's English grammar | ||
| 250 | |a 3rd. | ||
| 260 | |a New Delhi |b Cambridge University Press |c 2004 | ||
| 300 | |a 379p. | ||
| 650 | |a English language-Grammar | ||
| 942 | |c CC | ||
| 999 | |c 41460 |d 41460 | ||
| 952 | |0 0 |1 0 |4 0 |6 428_200000000000000_MUR_M |7 0 |9 64162 |a KUCL |d 2019-04-29 |l 0 |o 428.2 MUR/M |p 42786 |r 2019-04-29 |y CC | ||